| 000 | 00714pam a2200229 a 4500 | ||
|---|---|---|---|
| 001 | 4432962 | ||
| 005 | 20180117035148.0 | ||
| 008 | 940518s1995 ctu b 001 0 eng | ||
| 010 | _a 94019933 | ||
| 020 | _a0823601145 | ||
| 040 |
_aDLC _cDLC _dDLC |
||
| 041 | _aeng | ||
| 080 | _a616.8917 | ||
| 082 | 0 | 0 |
_a616.8917 KIS _220 |
| 100 | 1 | _a7 | |
| 101 | _aNEU | ||
| 245 | 1 | 0 |
_aAffect, object, and character structure / _cMorton Kissen. |
| 504 | _aIncludes bibliographical references (p. 235-249) and indexes. | ||
| 906 |
_a7 _bcbc _corignew _d1 _eocip _f19 _gy-gencatlg |
||
| 942 |
_2ddc _cBK |
||
| 999 |
_c40404 _d40404 |
||